Man and natural resources : an agricultural perspective

Saved in:
书目详细资料
主要作者: Hicks, Cedric S.
格式: 图书
出版: London : Croom Helm, c1975
主题:
标签: 添加标签
没有标签, 成为第一个标记此记录!

MARC

LEADER 00000nam a2200000 4500
020 |a 0856640069  |c TZs.20/- 
040 |a MUL  |b eng  |e AACR 
082 |a 333 HIC 
100 |a Hicks, Cedric S. 
245 |a Man and natural resources :   |b an agricultural perspective   |c / Cedric Stanton Hicks 
260 |a London :  |b Croom Helm,  |c c1975 
300 |a 120 p.:  |b ill.;  |c 20cm. 
504 |a Includes index 
546 |a eng 
650 |a Agricultural ecology 
650 |a Natural resources 
650 |a Human ecology 
650 |a Nature--Effect of human beings on conservation of natural resources 
942 |c BK 
999 |c 8346  |d 8346